[Event "Bucaramanga Santander-ch"]
[White "Florez, Leidy Lucila"]
[Black "Angarita Santos, Luis Carlos"]
[Site "Bucaramanga"]
[Round "4"]
[Result "0-1"]
[Date "2024.10.31"]
[WhiteElo "1492"]
[BlackElo "1566"]
[PlyCount "42"]
[EventDate "2024.10.29"]
[EventType "swiss"]
[EventRounds "9"]
[EventCountry "COL"]
[SourceTitle "CB45_2024"]
[Source "ChessBase"]
[SourceDate "2024.11.06"]
[SourceVersion "1"]
[SourceVersionDate "2024.11.06"]
[SourceQuality "1"]

1. e4 c6 2. d4 d5 3. Nc3 dxe4 4. Nxe4 Bf5 5. Ng3 Bg6 6. h4 h6 7. Nh3 e5 8. h5 Bh7 9. dxe5 Qa5+ 10. c3 Qxe5+ 11. Be2 Bc5 12. Bf4 Qf6 13. 0-0 Qh4 14. Re1 Ne7 15. Bd3 Bxd3 16. Qxd3 0-0 17. Re5 Nd5 18. Bxh6 gxh6 19. Nf5 Qf6 20. Qg3+ Kh7 21. c4 Nd7 0-1

[Event "Bucaramanga Santander-ch"]
[White "Angarita Santos, Luis Carlos"]
[Black "Martinez, Julian"]
[Site "Bucaramanga"]
[Round "1"]
[Result "0-1"]
[Date "2024.03.08"]
[WhiteElo "1653"]
[BlackElo "2125"]
[PlyCount "44"]
[EventDate "2024.03.08"]
[EventType "swiss"]
[EventRounds "7"]
[EventCountry "COL"]
[SourceTitle "CBM 219 Extra"]
[Source "ChessBase"]
[SourceDate "2024.05.31"]
[SourceVersion "1"]
[SourceVersionDate "2024.05.31"]
[SourceQuality "1"]

1. d4 Nf6 2. Nf3 c5 3. c3 cxd4 4. cxd4 d5 5. e3 g6 6. Bd3 Bg7 7. Nbd2 0-0 8. 0-0 Nc6 9. a3 Re8 10. Ne5 Nxe5 11. dxe5 Ng4 12. Bb5 Rf8 13. Nf3 Nxe5 14. Nxe5 Bxe5 15. Bd3 Qb6 16. Rb1 Bd7 17. b4 Rac8 18. Bb2 Bxb2 19. Rxb2 Rc3 20. Rb3 Ba4 21. Qa1 Rxb3 22. Bc2 Rxb4 0-1

[Event "Bucaramanga op"]
[White "Cuellar Canosa, Nicolas"]
[Black "Angarita Santos, Luis Carlos"]
[Site "Bucaramanga"]
[Round "8"]
[Result "1-0"]
[Date "2023.09.10"]
[WhiteElo "1870"]
[BlackElo "1401"]
[PlyCount "23"]
[EventDate "2023.09.06"]
[EventType "swiss"]
[EventRounds "9"]
[EventCountry "COL"]
[SourceTitle "CBM 216 Extra"]
[Source "ChessBase"]
[SourceDate "2023.11.30"]
[SourceVersion "1"]
[SourceVersionDate "2023.11.30"]
[SourceQuality "1"]

1. e4 c5 2. Nf3 Nc6 3. d4 cxd4 4. Nxd4 Nf6 5. Nc3 a6 6. Nxc6 bxc6 7. e5 Ng8 8. Bc4 e6 9. 0-0 a5 10. Qd3 d5 11. exd6 Qxd6 12. Qxd6 1-0

[Event "Bucaramanga op"]
[White "Angarita Santos, Luis Carlos"]
[Black "Guerra Verano, Diana"]
[Site "Bucaramanga"]
[Round "1"]
[Result "0-1"]
[Date "2023.09.06"]
[WhiteElo "1401"]
[BlackElo "1642"]
[PlyCount "78"]
[EventDate "2023.09.06"]
[EventType "swiss"]
[EventRounds "9"]
[EventCountry "COL"]
[SourceTitle "CBM 216 Extra"]
[Source "ChessBase"]
[SourceDate "2023.11.30"]
[SourceVersion "1"]
[SourceVersionDate "2023.11.30"]
[SourceQuality "1"]

1. d4 Nf6 2. c4 d5 3. Nf3 e6 4. Nc3 c6 5. e3 Nbd7 6. Bd3 dxc4 7. Bxc4 b5 8. Bd3 Bd6 9. Ne4 Nxe4 10. Bxe4 Bb7 11. 0-0 Qe7 12. Bd2 e5 13. Qc2 Rc8 14. Rac1 g6 15. Bd3 a6 16. e4 0-0 17. Bh6 Rfe8 18. Rfd1 exd4 19. Nxd4 Qh4 20. Be3 Qxh2+ 21. Kf1 Bf4 22. Bxf4 Qxf4 23. Ne2 Qh4 24. Ng3 Ne5 25. Qc5 Qe7 26. Be2 Qxc5 27. Rxc5 Re7 28. f4 Nd7 29. b4 h5 30. Rg5 Kh7 31. e5 c5 32. Kf2 f6 33. exf6 Nxf6 34. Rh1 Rc6 35. bxc5 Rg7 36. Bd3 Kg8 37. Bxg6 Ng4+ 38. Rxg4 hxg4 39. Be4 Rxc5 0-1